| 000 | 00616nam a22001817a 4500 | ||
|---|---|---|---|
| 999 |
_c190737 _d190737 |
||
| 005 | 20220803171146.0 | ||
| 010 | _aENG-134227 | ||
| 020 |
_a9788172014049 _c50.00 |
||
| 035 | _aEN-117759 | ||
| 037 | _bDBAD/PUB | ||
| 082 | _a954.81412 | ||
| 100 | _aPrasad, K.B. Prabhu | ||
| 245 |
_aSarvajna: _bMakers of Indian Literature/ _cK.B. Prabhu Prasad |
||
| 260 |
_aNew Delhi _bSahitya Akademi _c2019 |
||
| 270 |
_aRabindra Bhavan, 35, Phirojshaha Road _bNew Delhi _e110001 _msecretary@sahitya-akademi.gov.in _k011-23386626 |
||
| 300 |
_a67p. _bBibliography _c22cm(pbk) |
||
| 942 |
_2ddc _cEN _h984.81412 _mPRA |
||